000 00443nam a2200181Ia 4500
001 23690
005 20260414150954.0
008 260414t2017||||xx |||||||||||||| ||spa||
041 _aESP
082 _a690.21
_bB45
100 _aBernal, Jorge Raúl
_eAUT
245 0 _aEstructuras :
_bintroducción - hormigón armado
260 _c2017
300 _a609 páginas :
_c24 cm.
650 _a0
654 _aCIC
942 _cLIB
_dJUS
_fJUS
_2ddc
_n
999 _c23690
_d23690